000 02057nam a22005177a 4500
001 000096567
003 CHAP
005 20220329143201.0
008 061122d2006 mx abd r 00110 spa d
010 _a93033
011 _a94005
035 _a104588
040 _cCHAP
090 _aTesis
100 1 _aRamos López, Bernabé Ignacio.
_994442
245 1 0 _aPropuesta de modernización de las unidades de riego Emiliano Zapata las Presas y La Sala de Nazareno Palmar de Bravo, Puebla /
_c/por Bernabé Ignacio Ramos López y Rafael Antonio Briseño Ramiro.
260 _aChapingo, Méx. :
_bEl autor,
_c2006.
300 _a161 h. :
_bilus. ; gráfs. ; mapas ; cuadros.
502 _aTesis (Ing. en Irrigación) -- UACH. Departamento de Irrigación
590 _aALEPH
_b10
_c20130110
_lUCH01
_h1515
590 _aBATCH-UPD
_b10
_c20130110
_lUCH01
_h0235
590 _aBATCH-UPD
_b10
_c20130110
_lUCH01
_h1139
590 _aBATCH-UPD
_b10
_c20130409
_lUCH01
_h2300
590 _aBATCH-UPD
_b10
_c20130410
_lUCH01
_h1235
590 _aBATCH-UPD
_b10
_c20130913
_lUCH01
_h2135
590 _aBATCH-UPD
_b10
_c20140324
_lUCH01
_h1459
590 _aBATCH-UPD
_b10
_c20141002
_lUCH01
_h0832
590 _aBATCH
_b00
_c20181121
_lUCH01
_h0759
590 _aCONVERSION
_b10
_c20130109
_lUCH01
_h1351
590 _aE792CSJ
_b10
_c20130606
_lUCH01
_h1042
650 1 4 _aAgricultura
_xPuebla.
_91775
650 1 4 _aAgua subterranea.
_92456
650 1 4 _aAgua subterranea
_xPuebla.
_92455
650 1 4 _aIrrigación
_xPuebla.
_960476
650 1 4 _aUnidad de Riego Emiliano Zapata las Presas, Pue.
_9116172
650 1 4 _aUnidad de Riego La Sala de Nazareno, Pue.
_9116176
700 1 _aBriseño Ramiro, Rafael Antonio.
_915399
856 _3Finding aid
_uhttp://10.13.5.2/tesis/104588.pdf
_zTeclea aquí
856 _a1
_n0001038
901 _aBK
905 _aMarco A. Mendoza T.
942 _cCD
942 _n0
949 _aTesis
_bBC
_cTES
_d33724002008322
_eTS1
_gDonaciØn
_h46026
_i104588
_sb
949 _aTesis
_bBC
_cTES
_d33724002008330
_eTS2
_fc.2
_gDonaciØn
_h46027
_i104588
_si
999 _c93033
_d93033